000 00249nam a2200097Ia 4500
008 220204s9999 xx 000 0 und d
082 _a658
_bHAN
245 0 _aHandbook of 2000 small industry lines
260 _aBombay
_bProductivity
_c1971
942 _cBK
999 _c21660
_d21660